| 000 | 00582nam a2200205 a 4500 | ||
|---|---|---|---|
| 005 | 20210219152958.0 | ||
| 008 | 991125n 000 0 spa u | ||
| 035 | _aUPN01000070370 | ||
| 100 | _aSOTO, Francisco | ||
| 222 | _aEDUCACION | ||
| 245 | _aEl cuidado de la propiedad social : una experiencia en el campamento internacional 26 de julio | ||
| 260 | _aCuba | ||
| 300 | _a68-74 | ||
| 362 | _a1980 Año 10, no. 37, abr.-jun. | ||
| 653 | 0 | _aBIBLIOTECAS | |
| 653 | 0 | _aINSTALACIONES EDUCATIVAS | |
| 653 | 0 | _aPROPIEDAD SOCIAL | |
| 904 |
_aAC _b008181 |
||
| 905 | _aArticulo | ||
| 999 |
_c65337 _d65337 |
||